Analytics of protein-DNA interactions
Uloženo v:
| Hlavní autor: | |
|---|---|
| Médium: | Kniha |
| Jazyk: | angličtina |
| Vydáno: |
Berlín
Springer
2010
|
| Vydání: | 1a. ed |
| Edice: | Advances in Biochemical Engineering-Biotechnology, 104
|
| Témata: | |
| Tagy: |
Přidat tag
Žádné tagy, Buďte první, kdo vytvoří štítek k tomuto záznamu!
|
MARC
| LEADER | 00000cam a2200000 a 4500 | ||
|---|---|---|---|
| 001 | UCC0645 | ||
| 003 | CL-VaPUC | ||
| 008 | 170825e20100000gw |||||||||||||||||eng|d | ||
| 020 | |a 9783642080074 | ||
| 082 | 0 | 4 | |a 575 |b SEI |2 21 |
| 100 | 0 | |a Seitz, Harald |e author |9 594633 | |
| 245 | 1 | 0 | |a Analytics of protein-DNA interactions |
| 250 | |a 1a. ed | ||
| 300 | |a 204 p | ||
| 942 | |c BK | ||
| 945 | |d 20170825 13:52:00 |a dcastane | ||
| 260 | |a Berlín |b Springer |c 2010 | ||
| 650 | 0 | |a Genética |9 259443 | |
| 650 | 7 | |a PROTEINAS |2 CL-VaPUC |9 594634 | |
| 650 | 0 | |a Ácido desoxirribonucleico (ADN) |9 361158 | |
| 583 | |a last modification |c 20170825 13:52:00 |k Rodrigo Vera | ||
| 490 | 0 | |a Advances in Biochemical Engineering-Biotechnology, 104 | |
| 999 | |c 369418 |d 369416 | ||
| 952 | |0 0 |1 0 |3 erb |4 0 |6 575_000000000000000_SEI_2010 |7 0 |8 A |9 485184 |a BIBING |b BIBING |i 5419077 |o 575 SEI 2010 |p 5419077 |r 2025-01-20 |w 2019-11-24 |y BK |z Catalogado en:20170825 |k EIB | ||